Arquitectura : (Registro nro. 62636)

Detalles MARC
000 -LEADER
campo de control de longitud fija 01658cam#a2200349#a#4500
003 - IDENTIFICADOR DE NÚMERO DE CONTROL
campo de control PE-LiUPU
005 - FECHA Y HORA DE LA ÚLTIMA TRANSACCIÓN
campo de control 20250731183449.0
008 - DATOS DE LONGITUD FIJA--INFORMACIÓN GENERAL
campo de control de longitud fija 240926b |||||||| |||| 00| 0 spa d
020 ## - NÚMERO INTERNACIONAL ESTÁNDAR DEL LIBRO
Número Internacional Estándar del Libro 9788446042273
040 ## - FUENTE DE CATALOGACIÓN
Centro catalogador/agencia de origen BN
Lengua de catalogación spa
Centro/agencia transcriptor PE-LiUPU
Centro/agencia modificador PE-LiUPU
Normas de descripción rda
072 ## - CÓDIGO DE CATEGORÍA DE MATERIA
Código de categoría de materia NA
Fuente lcco
082 ## - NÚMERO DE LA CLASIFICACIÓN DECIMAL DEWEY
Número de edición 23
Número de clasificación 720.9
Cutter T759a
100 1# - ENTRADA PRINCIPAL--NOMBRE DE PERSONA
Nombre de persona Trachtenberg, Marvin,
Fechas asociadas al nombre 1939-
245 10 - MENCIÓN DEL TÍTULO
Título Arquitectura :
Resto del título de la prehistoria a la postmodernidad : la tradición occidental /
Mención de responsabilidad, etc. Marvin Trachtenberg, Isabelle Hyman ; traducción Alicia González Sterling.
264 ## - PRODUCCIÓN, PUBLICACIÓN, DISTRIBUCIÓN, FABRICACIÓN Y COPYRIGHT
Producción, publicación, distribución, fabricación y copyright Madrid :
Nombre del de productor, editor, distribuidor, fabricante Akal,
Fecha de producción, publicación, distribución, fabricación o copyright 1990.
300 ## - DESCRIPCIÓN FÍSICA
Extensión 750 páginas ;
Otras características físicas profusamente ilustrado, algunos a color ;
Dimensiones 26 centímetros.
490 1# - MENCIÓN DE SERIE
Mención de serie (Arte y estética ;
Designación de volumen o secuencia 24)
500 ## - NOTA GENERAL
Nota general Título original: Architecture, from prehistory to post-modernism.
500 ## - NOTA GENERAL
Nota general Glosario: p. [719]-727.
500 ## - NOTA GENERAL
Nota general Indice onomástico: p. [735]-748.
504 ## - NOTA DE BIBLIOGRAFÍA, ETC.
Nota de bibliografía, etc. Bibliografía: p. [729]-734.
505 ## - NOTA DE CONTENIDO CON FORMATO
Nota de contenido con formato El mundo antiguo -- La arquitectura antes de Grecia -- Grecia -- Roma -- La edad media -- Arquitectura paleocristiana y bizatina -- Arquitectura románica y prerrománica -- Islam y Occidente -- Arquitectura gótica -- El Renacimiento y el Barroco -- El Renacimiento -- El Barroco -- El mundo moderno -- El siglo XVIII -- El siglo XIX -- Arquitectura moderna -- Segundo modernismo (Postmodernidad).
526 ## - NOTA DE INFORMACIÓN SOBRE EL PROGRAMA DE ESTUDIO
Nombre del programa Maestría Bim Facility Management (A distancia)
526 ## - NOTA DE INFORMACIÓN SOBRE EL PROGRAMA DE ESTUDIO
Nombre del programa
526 ## - NOTA DE INFORMACIÓN SOBRE EL PROGRAMA DE ESTUDIO
Nombre del programa Educación musical y artes
526 ## - NOTA DE INFORMACIÓN SOBRE EL PROGRAMA DE ESTUDIO
Nombre del programa Educación, especialidad educación física
526 ## - NOTA DE INFORMACIÓN SOBRE EL PROGRAMA DE ESTUDIO
Nombre del programa Arquitectura
650 14 - PUNTO DE ACCESO ADICIONAL DE MATERIA--TÉRMINO DE MATERIA
Término de materia o nombre geográfico como elemento de entrada Arquitectura
Subdivisión general Historia.
700 1# - ENTRADA AGREGADA--NOMBRE PERSONAL
Nombre de persona Hyman, Isabelle,
Fechas asociadas al nombre 1930-
Término indicativo de función/relación colab.
942 ## - ELEMENTOS DE ENTRADA SECUNDARIOS (KOHA)
Fuente del sistema de clasificación o colocación Clasificación Decimal Dewey
Tipo de ítem Koha Libros físicos
Suprimir en OPAC No
980 ## - EQUIVALENCIA O REFERENCIA-CRUZADA-MENCIÓN DE SERIE--NOMBRE DE PERSONA/TÍTULO [LOCAL, CANADÁ]
ID del usuario creador del registro 18226
Nombre del creador del registro Jaime Vilcazán Jefe de Análisis Documental
ID del último usuario que modificó el registro 1
Nombre del último usuario que modificó el registro ALBERTO SANCHEZ Responsable de Automatización
Existencias
Visto por última vez Total de préstamos Signatura topográfica completa Código de barras Fecha del último préstamo Copia número Coste, precio de reemplazo Fecha de reemplazo Facultad Tipo de ítem Koha Estado de pérdida Fuente del sistema de clasificación o colocación Restricciones de uso No para préstamo Colección Programa académico Biblioteca de origen Biblioteca actual Ubicación en estantería Fecha de adquisición Fuente de adquisición Coste, precio normal de compra
2025-12-03 2 720.9 T759a 82278 2025-10-14 e1 63.38 2024-09-26 FIA Libros físicos No Perdido Clasificación Decimal Dewey No restringido Disponible para préstamos Colección General Arquitectura Biblioteca CRAI UPeU Lima Biblioteca CRAI UPeU Lima Sala principal 2024-09-16 Compra, San Cristóbal 58.38